[Event "World-chT Rapid"]
[Site "Dusseldorf"]
[Date "2023.08.27"]
[Round "5.6"]
[White "Levin, Felix"]
[Black "Kramnik, Vladimir"]
[Result "0-1"]
[WhiteElo "2459"]
[BlackElo "2753"]
[PlyCount "102"]
[EventDate "2023.08.26"]
[EventType "team-swiss (rapid)"]
[EventRounds "12"]
[EventCountry "GER"]
[SourceTitle "CBM 215 Extra"]
[Source "ChessBase"]
[SourceDate "2023.09.30"]
[SourceVersion "1"]
[SourceVersionDate "2023.09.30"]
[SourceQuality "1"]
[WhiteTeam "Duesseldorf"]
[BlackTeam "Chess Pensioners"]
[WhiteTeamCountry "GER"]
[BlackTeamCountry "USA"]

1. d4 Nf6 2. Nf3 e6 3. Bf4 b6 4. e3 Be7 5. h3 0-0 6. Nbd2 c5 7. a4 cxd4 8. exd4 d6 9. c3 Bb7 10. Be2 Nc6 11. 0-0 Re8 12. Bh2 Bf8 13. Nc4 Rb8 14. b4 Rc8 15. Ne3 Ne4 16. Qb3 d5 17. Rfc1 Bd6 18. Bxd6 Qxd6 19. a5 bxa5 20. b5 Ne7 21. Rxa5 Qb6 22. Ra3 Ng6 23. Qb4 a6 24. Rb1 axb5 25. Bxb5 Red8 26. Bf1 Qd6 27. Ra7 Bc6 28. Qxd6 Nxd6 29. Ne5 Nxe5 30. dxe5 Ne4 31. Rc1 Be8 32. c4 d4 33. Nd1 d3 34. f3 Nc5 35. Nc3 g5 36. Rd1 Kg7 37. Ne4 Nxe4 38. fxe4 Rxc4 39. Rxd3 Rxd3 40. Bxd3 Rc5 41. Kf2 Rxe5 42. Rc7 Kf6 43. Kf3 h5 44. g3 Ra5 45. Rc8 Ba4 46. Ke3 Bd7 47. Rd8 Ra7 48. Rh8 Ra3 49. Kd2 Ke5 50. Rd8 Bc6 51. Rg8 f6 0-1

[Event "Bad Woerishofen op 38th"]
[Site "Bad Woerishofen"]
[Date "2023.03.05"]
[Round "3"]
[White "Deshpande, Aniruddha"]
[Black "Levin, Felix"]
[Result "1/2-1/2"]
[WhiteElo "2260"]
[BlackElo "2456"]
[PlyCount "31"]
[EventDate "2023.03.03"]
[EventType "swiss"]
[EventRounds "9"]
[EventCountry "GER"]
[SourceTitle "CBM 213 Extra"]
[Source "ChessBase"]
[SourceDate "2023.05.31"]
[SourceVersion "1"]
[SourceVersionDate "2023.05.31"]
[SourceQuality "1"]

1. d4 Nf6 2. c4 e6 3. g3 d5 4. Nf3 Bb4+ 5. Bd2 Be7 6. Bg2 0-0 7. 0-0 c6 8. Nc3 Nbd7 9. Bf4 a5 10. Qc2 Nh5 11. Bd2 f5 12. Ne5 Bd6 13. f4 Nhf6 14. c5 Bc7 15. a3 Ne4 16. Nxe4 1/2-1/2

[Event "BEL-chT 2223"]
[Site "Belgium"]
[Date "2022.10.16"]
[Round "2.5"]
[White "Pham, Khoi"]
[Black "Levin, Felix"]
[Result "1/2-1/2"]
[WhiteElo "2376"]
[BlackElo "2450"]
[PlyCount "84"]
[EventDate "2022.09.25"]
[EventType "team-tourn"]
[EventRounds "11"]
[EventCountry "BEL"]
[SourceTitle "EXT 2024"]
[Source "ChessBase"]
[SourceDate "2023.10.10"]
[SourceVersion "1"]
[SourceVersionDate "2023.10.10"]
[SourceQuality "1"]
[WhiteTeam "Wachtebeke"]
[BlackTeam "Wirtzfeld"]
[WhiteTeamCountry "BEL"]
[BlackTeamCountry "BEL"]

1. d4 Nf6 2. Nc3 d6 3. e4 e5 4. Nge2 Be7 5. h3 c6 6. g4 b5 7. a3 a5 8. Bg2 Ba6 9. Ng3 b4 10. Nce2 g6 11. Bh6 c5 12. c3 bxc3 13. bxc3 Nfd7 14. 0-0 Bg5 15. Bxg5 Qxg5 16. f4 Qe7 17. Rf2 0-0 18. Qd2 Nb6 19. f5 Qh4 20. f6 Nc4 21. Qc1 Nd7 22. Nf1 Nxf6 23. Nh2 Nd7 24. g5 Rad8 25. Nf3 Qxe4 26. Nxe5 Qe3 27. Ng4 Qxc1+ 28. Rxc1 Nxa3 29. Rcf1 Bc4 30. Ra1 Nc2 31. Rxa5 cxd4 32. Nxd4 Nxd4 33. cxd4 Kg7 34. Ne3 Rc8 35. Ra7 Bb5 36. Rb2 Rb8 37. Rxb5 Rxb5 38. Rxd7 Rxg5 39. Kf2 Re8 40. Bf3 Re6 41. Nc4 Rf5 42. Rxd6 Rxd6 1/2-1/2

[Event "Ustron op-A"]
[Site "Ustron"]
[Date "2022.08.19"]
[Round "8"]
[White "Drazic, Sinisa"]
[Black "Levin, Felix"]
[Result "1/2-1/2"]
[WhiteElo "2303"]
[BlackElo "2448"]
[PlyCount "152"]
[EventDate "2022.08.12"]
[EventType "swiss"]
[EventRounds "9"]
[EventCountry "POL"]
[SourceTitle "CBM 210 Extra"]
[Source "ChessBase"]
[SourceDate "2022.11.30"]
[SourceVersion "1"]
[SourceVersionDate "2022.11.30"]
[SourceQuality "1"]

1. e4 c6 2. d4 d5 3. Nc3 dxe4 4. Nxe4 Nf6 5. Nxf6+ exf6 6. Bc4 Bd6 7. Qe2+ Be7 8. c3 0-0 9. Qf3 Nd7 10. Ne2 Re8 11. 0-0 Bd6 12. Bf4 Nb6 13. Bb3 a5 14. Bxd6 Qxd6 15. Rfe1 Be6 16. Nf4 Bd5 17. Bxd5 cxd5 18. g3 g6 19. Re2 f5 20. Rae1 Re4 21. Qd3 g5 22. Ng2 Rae8 23. f3 Rxe2 24. Rxe2 Rxe2 25. Qxe2 Qe6 26. Kf2 Nc4 27. b3 Nd6 28. a4 Qc8 29. Qe3 f6 30. Qd3 Kg7 31. Ne3 Qe6 32. c4 f4 33. gxf4 Qh3 34. Kg1 dxc4 35. bxc4 gxf4 36. Ng2 Qe6 37. c5 Qc4 38. Qd1 Nf5 39. Nxf4 Qxd4+ 40. Qxd4 Nxd4 41. Kf2 Kf7 42. Ke3 Nb3 43. Nd3 Ke6 44. Ke4 f5+ 45. Kf4 Kd5 46. Kxf5 Nxc5 47. Nxc5 Kxc5 48. Ke6 b5 49. f4 bxa4 50. f5 a3 51. f6 a2 52. f7 a1Q 53. f8Q+ Kc4 54. Qc8+ Kb3 55. Qb7+ Ka2 56. Qxh7 Qe1+ 57. Kd5 Qd2+ 58. Kc5 Qb4+ 59. Kc6 Qc4+ 60. Kb6 a4 61. h4 a3 62. h5 Qd4+ 63. Kb5 Kb2 64. h6 Qd5+ 65. Ka6 Qd6+ 66. Kb7 Qd5+ 67. Kb8 Qb3+ 68. Kc8 Qc3+ 69. Qc7 Qh8+ 70. Qd8 Qxh6 71. Qd4+ Kb3 72. Qd3+ Kb4 73. Qd4+ Kb5 74. Qd3+ Kb6 75. Qb3+ Kc6 76. Qc4+ Kb6 1/2-1/2

[Event "Split op 11th"]
[Site "Split"]
[Date "2022.07.18"]
[Round "4"]
[White "Levin, Felix"]
[Black "Cupic, Lovro"]
[Result "1-0"]
[WhiteElo "2450"]
[BlackElo "2250"]
[PlyCount "39"]
[EventDate "2022.07.16"]
[EventType "swiss"]
[EventRounds "9"]
[EventCountry "CRO"]
[SourceTitle "CBM 209 Extra"]
[Source "ChessBase"]
[SourceDate "2022.09.30"]
[SourceVersion "1"]
[SourceVersionDate "2022.09.30"]
[SourceQuality "1"]

1. d4 d5 2. Nf3 Nf6 3. c4 c6 4. Qb3 dxc4 5. Qxc4 Bf5 6. g3 e6 7. Bg2 Be7 8. 0-0 0-0 9. Qb3 Qb6 10. Nbd2 Qxb3 11. axb3 Rd8 12. Nc4 a6 13. Nfe5 Nbd7 14. Nxd7 Nxd7 15. Na5 Ra7 16. Bxc6 bxc6 17. Nxc6 Be4 18. Nxa7 Bb7 19. Be3 Ra8 20. Rfc1 1-0

[Event "Bundesliga 2122"]
[Site "Germany"]
[Date "2022.05.14"]
[Round "7.5"]
[White "Horvath, Dominik"]
[Black "Levin, Felix"]
[Result "1-0"]
[WhiteElo "2486"]
[BlackElo "2456"]
[PlyCount "81"]
[EventDate "2022.03.05"]
[EventType "team-tourn"]
[EventRounds "15"]
[EventCountry "GER"]
[SourceTitle "EXT 2023"]
[Source "ChessBase"]
[SourceDate "2022.10.05"]
[SourceVersion "1"]
[SourceVersionDate "2022.10.05"]
[SourceQuality "1"]
[WhiteTeam "Muenchen 36"]
[BlackTeam "Duesseldorf"]
[WhiteTeamCountry "GER"]
[BlackTeamCountry "GER"]

1. Nf3 d5 2. c4 e6 3. d4 Nf6 4. Nc3 Nbd7 5. Bf4 dxc4 6. e3 Nd5 7. Bxc4 Nxf4 8. exf4 Nb6 9. Bd3 g6 10. h4 Bg7 11. h5 Bd7 12. Be4 c6 13. Ne5 Nd5 14. Qd2 Qe7 15. Rh3 0-0-0 16. Na4 f6 17. Nxd7 Rxd7 18. Nc5 Rd6 19. h6 Bf8 20. Kf1 b6 21. Nd3 Nc7 22. Qc1 Qd7 23. a4 Rxd4 24. Bxc6 Qd6 25. Qc2 Bxh6 26. a5 Bxf4 27. axb6 axb6 28. Ra7 Kd8 29. Nxf4 Qxf4 30. Rd3 Qd6 31. Rxd4 Qxd4 32. Ra3 Kc8 33. Bf3 Qc5 34. Rc3 Qb5+ 35. Kg1 Qd7 36. Qe4 Kd8 37. Qb7 Rf8 38. Qxb6 Rf7 39. Rc6 Ke8 40. Rd6 Qc8 41. Bb7 1-0

[Event "Bundesliga 2122"]
[Site "Germany"]
[Date "2022.03.06"]
[Round "2.5"]
[White "Dziuba, Marcin"]
[Black "Levin, Felix"]
[Result "1-0"]
[WhiteElo "2568"]
[BlackElo "2456"]
[PlyCount "97"]
[EventDate "2022.03.05"]
[EventType "team-tourn"]
[EventRounds "15"]
[EventCountry "GER"]
[SourceTitle "EXT 2023"]
[Source "ChessBase"]
[SourceDate "2022.10.05"]
[SourceVersion "1"]
[SourceVersionDate "2022.10.05"]
[SourceQuality "1"]
[WhiteTeam "Kiel Turm"]
[BlackTeam "Duesseldorf"]
[WhiteTeamCountry "GER"]
[BlackTeamCountry "GER"]

1. d4 d5 2. c4 e6 3. Nf3 Nf6 4. Nc3 c5 5. cxd5 Nxd5 6. e4 Nxc3 7. bxc3 cxd4 8. cxd4 Bb4+ 9. Bd2 Bxd2+ 10. Qxd2 0-0 11. Bc4 Nd7 12. 0-0 b6 13. Rad1 Bb7 14. Rfe1 Rc8 15. Bb3 h6 16. Re3 Re8 17. h3 Qc7 18. d5 exd5 19. exd5 Rxe3 20. Qxe3 Qc5 21. Qf4 Nf6 22. d6 Bxf3 23. Qxf3 Rd8 24. Qb7 Rf8 25. Ba4 g5 26. g3 Kg7 27. Bc6 Rd8 28. Qe7 Rf8 29. Bf3 b5 30. Kg2 a5 31. Bb7 b4 32. Qc7 Qe5 33. Qb6 Qf5 34. Rd2 Rb8 35. d7 Nxd7 36. Qc7 Rxb7 37. Qxb7 Nf6 38. Qf3 Qe5 39. Qc6 Qf5 40. Qc4 Qe5 41. Qd4 Qe6 42. Rc2 Qa6 43. Rc7 Qa8+ 44. Kg1 Qf3 45. Rc5 Qb7 46. Qc4 Qe7 47. Rc7 Qe8 48. Ra7 Kg6 49. Kg2 1-0

[Event "Bundesliga 2122"]
[Site "Germany"]
[Date "2022.03.05"]
[Round "1.5"]
[White "Levin, Felix"]
[Black "Ernst, Sipke"]
[Result "0-1"]
[WhiteElo "2456"]
[BlackElo "2537"]
[PlyCount "80"]
[EventDate "2022.03.05"]
[EventType "team-tourn"]
[EventRounds "15"]
[EventCountry "GER"]
[SourceTitle "EXT 2023"]
[Source "ChessBase"]
[SourceDate "2022.10.05"]
[SourceVersion "1"]
[SourceVersionDate "2022.10.05"]
[SourceQuality "1"]
[WhiteTeam "Duesseldorf"]
[BlackTeam "Hamburger SK"]
[WhiteTeamCountry "GER"]
[BlackTeamCountry "GER"]

1. d4 d5 2. Nf3 Nf6 3. c4 c6 4. e3 Bf5 5. Nc3 e6 6. Nh4 Be4 7. f3 Bg6 8. Bd2 Be7 9. Nxg6 hxg6 10. Qb3 dxc4 11. Bxc4 b5 12. Be2 Nbd7 13. 0-0-0 a6 14. e4 c5 15. e5 cxd4 16. exf6 dxc3 17. Bxc3 Bxf6 18. Kb1 0-0 19. Bb4 Re8 20. h4 Qc7 21. g4 Rac8 22. Bd6 Qb6 23. g5 Bd4 24. Bg3 Nc5 25. Qb4 e5 26. Bf1 Na4 27. Rd2 Be3 28. Rd1 Qc6 29. Bd3 Qxf3 30. h5 gxh5 31. g6 Qxg3 32. gxf7+ Kxf7 33. Qb3+ Kf8 34. Bxb5 Qg6+ 35. Bd3 Qc6 36. Bf5 Nc3+ 37. Qxc3 Qxc3 38. bxc3 Rxc3 39. Rxh5 Rb8+ 40. Ka1 Rc1+ 0-1

[Event "BEL-chT 1920"]
[Site "Belgium"]
[Date "2019.10.13"]
[Round "2.5"]
[White "Levin, Felix"]
[Black "Braun, Christian1111"]
[Result "1/2-1/2"]
[WhiteElo "2466"]
[BlackElo "2391"]
[PlyCount "58"]
[EventDate "2019.09.29"]
[EventType "team-tourn"]
[EventRounds "11"]
[EventCountry "BEL"]
[SourceTitle "CBM 195 Extra"]
[Source "ChessBase"]
[SourceDate "2020.05.31"]
[SourceVersion "1"]
[SourceVersionDate "2020.05.31"]
[SourceQuality "1"]
[WhiteTeam "Wirtzfeld"]
[BlackTeam "Echiquier Mosan"]
[WhiteTeamCountry "BEL"]
[BlackTeamCountry "BEL"]

1. d4 Nf6 2. Nf3 g6 3. g3 Bg7 4. Bg2 0-0 5. 0-0 c6 6. Nbd2 d5 7. c4 Na6 8. b3 c5 9. Bb2 dxc4 10. Nxc4 Be6 11. Rc1 cxd4 12. Bxd4 Bd5 13. Qd2 Ne4 14. Qe3 Bxd4 15. Nxd4 Nf6 16. Rfd1 Bxg2 17. Kxg2 Qd5+ 18. Nf3 Qc5 19. Qxc5 Nxc5 20. Na5 b6 21. Nc6 Rfe8 22. b4 Nce4 23. Nfe5 Kf8 24. f3 Nd6 25. e4 Rec8 26. Nd3 b5 27. Na5 Nc4 28. Nxc4 bxc4 29. Nb2 Rab8 1/2-1/2

[Event "Feffernitz op 28th"]
[Site "Feffernitz"]
[Date "2019.08.21"]
[Round "5"]
[White "Riemelmoser, Franz"]
[Black "Levin, Felix"]
[Result "0-1"]
[WhiteElo "2244"]
[BlackElo "2471"]
[PlyCount "48"]
[EventDate "2019.08.18"]
[EventType "swiss"]
[EventRounds "9"]
[EventCountry "AUT"]
[SourceTitle "EXT 2020"]
[Source "ChessBase"]
[SourceDate "2019.10.17"]
[SourceVersion "1"]
[SourceVersionDate "2019.10.17"]
[SourceQuality "1"]

1. c4 e5 2. Nc3 Nf6 3. Nf3 Nc6 4. e3 Bb4 5. Qc2 Bxc3 6. Qxc3 Qe7 7. b3 d5 8. cxd5 Nxd5 9. Qb2 0-0 10. d3 Bg4 11. Be2 f5 12. a3 e4 13. dxe4 fxe4 14. Bc4 Rad8 15. Nd2 Ne5 16. 0-0 Bf3 17. Nxf3 exf3 18. Rd1 Nxc4 19. bxc4 Qg5 20. g3 Qg4 21. Kh1 Nc3 22. Rg1 Ne4 23. Ra2 Rf5 24. c5 Rh5 0-1